| 000 | 00894nam0a22002891 4500 | ||
|---|---|---|---|
| 001 | v19\rc\1846554 | ||
| 005 | 20251118180058.3 | ||
| 035 | _a(NLR Aleph) 004942933 | ||
| 090 |
_a5800559 _c5800559 |
||
| 100 | _a20080221d1909 u y0rusy50 ca | ||
| 101 | 1 |
_arus _cfre |
|
| 102 | _aRU | ||
| 105 | _ab z |||c| | ||
| 200 | 1 |
_aСоперничество на Балканах _e[Чем пользуется Австрия?] _eИст.-полит. очерк Е. Анго _eС фр. |
|
| 210 |
_aСанкт-Петербург _cПеч. "Граф. ин-т" _d1909 |
||
| 215 |
_a28 с. _cкарт. _d16 |
||
| 700 | 1 |
_aАнго _bЕ. |
|
| 801 | 0 |
_aRU _bNLR _gpsbo |
|
| 801 | 0 |
_aRU _bRuMoRGB _2psbo |
|
| 801 | 1 |
_aRU _bProSoft-M _2rusmarc |
|
| 852 |
_aNLR _j37.53.8.459 |
||
| 899 |
_aRuMoRGB _jU 25/3035 |
||
| 899 |
_aRuMoRGB _jU 209/1184 |
||
| 899 | _aБАН | ||
| 899 | _aГПИБ | ||
| 942 | _cBOOK | ||
| 980 | _aNB | ||